000 00362nam a2200109Ia 4500
008 171204s9999 xx 000 0 und d
245 _aContemporary Asian Art and Exhibitions: Connectivities and World-making
245 _cCaroline Turner and Michelle Antoinette
260 _c2014
650 _xEXHIBITION
856 _uhttp://down.ebook777.com/049/1925021998.pdf
999 _c346077
_d346077